Szczegóły MARC21

Zrozumieć gospodarkę : makroekonomia /

003 -Nazwa inst., której nr kontr. jest w polu 001 [,]
    • @
    • Nazwa instytucji, której n kontrolny jest w polu 001
    • NUKAT
005 -DATA I CZAS OSTATNIEJ MODYFIKACJI [,]
    • @
    • pole kontrolne
    • 20241231114035.0
020 -Międzynarod. znormalizowany nr książki - ISBN [ , ]
    • a
    • Numer ISBN
    • 8385809066 Find
040 -Instytucja sporządzająca opis [ , ]
    • a
    • Instytucja, która sporządziła opis (NP)
    • NUKAT
    • c
    • Instytucja, która sporządziła rekord (NP)
    • WA U/MAP
942 -Rodzaj dokumentu [ , ]
    • c
    • Rodzaj dokumentu
    • Książka
100 -Hasło główne - nazwa osobowa [1, ]
    • a
    • Nazwa osobowa (NP)
    • Próchnicki, Lech.
    • 9
    • KHW
    • 549547
245 -Strefa tytułu i oznaczenia odpowiedzialności [1,0]
    • a
    • Tytuł
    • Zrozumieć gospodarkę : Find
    • b
    • Ciąg dalszy tytułu (NP)
    • makroekonomia / Find
    • c
    • Pozostałe elementy strefy tytułu i oznaczenia odpowiedzialności (NP)
    • Lech Próchnicki ; Zachodniopomorska Szkoła Businessu przy Uniwersytecie Szczecińskim.
260 -Strefa adresu wydawniczego [ , ]
    • a
    • Miejsce wydania (P)
    • Szczecin :
    • b
    • Nazwa wydawcy (P)
    • Zachodniopomorska Szkoła Businessu,
    • c
    • Data wydania (P)
    • 1993.
300 -Strefa opisu fizycznego [ , ]
    • a
    • Określenie formy książki i/lub objętość (NP)
    • 386 s. :
    • b
    • Oznaczenie ilustracji (NP)
    • wykr., err. ;
    • c
    • Format (NP)
    • 25 cm.
336 -Typ zawartości [ , ]
    • a
    • Termin opisujący typ zawartości
    • Tekst
    • b
    • Kod określający zawartość
    • txt
    • 2
    • Źródło (terminu i kodu)
    • rdacontent
337 -Typ mediów [ , ]
    • a
    • Tryb odtwarzania
    • Bez urządzenia pośredniczącego
    • b
    • Kod typu mediów
    • n
    • 2
    • Źródło (terminu i kodu)
    • rdamedia
338 -Typ/rodzaj nośnika [ , ]
    • a
    • Hasło opisujące typ nośnika
    • Wolumin
    • b
    • Kod typu nośnika
    • nc
    • 2
    • Źródło (terminu i kodu)
    • rdacarrier
504 -Uwaga dot. bibliogr. załącznikowej [ , ]
    • a
    • Uwaga dot. bibliografii załącznikowej
    • Bibliogr. s. [387].
080 -Uniwersalna Klasyfikacja Dziesiętna [ , ]
    • a
    • Symbol klasyfikacji
    • 330.101.541(07)
650 -Hasło przedmiotowe [ ,7]
    • a
    • Hasło przedmiotowe
    • Makroekonomia
    • v
    • Określnik formalny
    • podręczniki akademickie.
    • 2
    • Źródło terminu
    • kaba
    • 9
    • KHW
    • 354412
980 -Symbol UKD [ , ]
    • a
    • UKD
    • 330.101.541(07)
920 -ISBN [ , ]
    • a
    • ISBN
    • 83-85809-06-6 Find
Lokalizacja Data inwentaryzacji Status udost. Numer inwentarzowy Sygnatura
BE1994-11-14-2E.62074 
BE1994-11-142S.76497 
BE1994-11-142S.76498 
BE1994-11-14-3S.76499 
BE1999-03-222S.83426 
BG1994-11-14-3W.182046W.182046
BG1994-11-14-3W.182047W.182046
BG1994-11-142W.182048W.182046
BG1994-11-142W.182049W.182046
BG1994-11-142W.182050W.182046
BG1994-11-142W.182051W.182046
BG1994-11-142W.182052W.182046
BG1994-11-14-3Z.84508Z.84508
BSA1994-11-141SA.6190SA.6190
BSA1994-11-14-3SA.6191SA.6191
GW2015-10-23-3GW.531733
T1994-11-14-3TS.76501 
T1994-11-14-3TS.76500